[Event "12th EUR-ch"]
[Site "Aix-les-Bains FRA"]
[Date "2011.03.22"]
[Round "1.113"]
[White "Kovchan, Alexander"]
[Black "Lampert, Jonas"]
[Result "1-0"]
[WhiteElo "2563"]
[BlackElo "2130"]
[EventDate "2011.03.22"]
[PlyCount "52"]

1.e4 e5 2.Nf3 Nf6 3.d4 Nxe4 4.Bd3 d5 5.Nxe5 Nd7 6.O-O Bd6 7.c4 c6 8.cxd5 
cxd5 9.Nd2 Nxd2 10.Bxd2 O-O 11.Nxd7 Bxd7 12.Qh5 f5 13.Qf3 Kh8 14.Bf4 Bc6 
15.Rfe1 Qd7 16.h3 Rac8 17.Bxd6 Qxd6 18.Re5 g6 19.Rae1 Rce8 20.Qf4 Kg7 21.
a3 Bd7 22.Qf3 Re6 23.Rxe6 Bxe6 24.Re5 Qd7 25.Qe2 Bf7 26.Re7 Qc6 1-0

[Event "12th EUR-ch"]
[Site "Aix-les-Bains FRA"]
[Date "2011.03.22"]
[Round "1.114"]
[White "Chubar, Vladimir"]
[Black "Hovhannisyan, Robert"]
[Result "0-1"]
[WhiteElo "2124"]
[BlackElo "2560"]
[EventDate "2011.03.22"]
[PlyCount "96"]

1.d4 Nf6 2.Nf3 d5 3.Bf4 c5 4.e3 Nc6 5.c3 Qb6 6.Qb3 c4 7.Qxb6 axb6 8.Na3 
Bf5 9.Nh4 Rxa3 10.Nxf5 Ra5 11.Be2 Kd7 12.O-O e6 13.Nh4 Ne4 14.Nf3 f6 15.h4
Bd6 16.Rfd1 Rha8 17.a3 Rb5 18.Ra2 Rba5 19.Bxd6 Kxd6 20.Ne1 b5 21.Bf3 b4 
22.cxb4 Nxb4 23.Raa1 f5 24.Rac1 Nc6 25.Bxe4 fxe4 26.f3 Rb5 27.Rd2 Rb3 28.
Kf2 b5 29.Ke2 b4 30.axb4 Ra2 31.fxe4 Nxb4 32.exd5 Rbxb2 33.Rxb2 Rxb2+ 34.
Kf3 exd5 35.e4 Rb3+ 36.Ke2 Na2 37.e5+ Ke6 38.Ra1 Rb2+ 39.Kf3 h5 40.Kf4 c3 
41.g3 Rd2 42.Nf3 Rf2 43.Ke3 Rxf3+ 44.Kxf3 c2 45.Rxa2 c1=Q 46.Ra7 Qc3+ 47.
Kg2 Qxd4 48.Rxg7 Qxe5 0-1

[Event "12th EUR-ch"]
[Site "Aix-les-Bains FRA"]
[Date "2011.03.22"]
[Round "1.115"]
[White "Zherebukh, Yaroslav"]
[Black "Heinis, Vincent"]
[Result "1-0"]
[WhiteElo "2560"]
[BlackElo "2122"]
[EventDate "2011.03.22"]
[PlyCount "107"]

1.d4 e6 2.c4 f5 3.g3 Nf6 4.Bg2 Be7 5.Nf3 d6 6.O-O O-O 7.Nc3 a5 8.Qc2 Nc6 
9.e4 Nb4 10.Qe2 Nxe4 11.Nxe4 fxe4 12.Qxe4 e5 13.dxe5 Bf5 14.Qxb7 Rb8 15.
Qa7 Nc2 16.Nd4 Nxa1 17.Nc6 Qe8 18.Qxc7 Bd3 19.Rd1 Bc2 20.Re1 dxe5 21.Nxb8 
Bb4 22.Rf1 Bd3 23.Rd1 e4 24.Bf4 Nc2 25.a3 Nd4 26.axb4 Ne2+ 27.Kh1 Nxf4 28.
gxf4 Qxb8 29.Qxb8 Rxb8 30.bxa5 Rxb2 31.Ra1 Bxc4 32.Bxe4 Ba6 33.Kg2 Rb5 34.
f3 Rb2+ 35.Kg3 g6 36.f5 Kg7 37.fxg6 hxg6 38.Rd1 Ra2 39.Rd7+ Kf8 40.Bxg6 
Rxa5 41.h4 Bc8 42.Rc7 Be6 43.h5 Kg8 44.Kf4 Ra8 45.Ke5 Ba2 46.f4 Rf8 47.Re7
Bb3 48.f5 Bc4 49.f6 Bb3 50.Re8 Rxe8+ 51.Bxe8 Kh8 52.Kd6 Kg8 53.Ke7 Kh8 54.
Bd7 1-0

[Event "12th EUR-ch"]
[Site "Aix-les-Bains FRA"]
[Date "2011.03.22"]
[Round "1.116"]
[White "Makka, Ioulia"]
[Black "Maze, Sebastien"]
[Result "0-1"]
[WhiteElo "2122"]
[BlackElo "2559"]
[EventDate "2011.03.22"]
[PlyCount "136"]

1.e4 c5 2.Nf3 Nc6 3.d4 cxd4 4.Nxd4 g6 5.c4 Bg7 6.Be3 Nf6 7.Nc3 O-O 8.Be2 
d6 9.Qd2 Bd7 10.O-O Nxd4 11.Bxd4 a5 12.b3 Bc6 13.f3 Nd7 14.Be3 Nc5 15.Rfc1
Be5 16.Rab1 e6 17.Qe1 Qf6 18.Qd2 Qh4 19.g3 Qe7 20.Nd1 b6 21.Nf2 Rad8 22.
Nd3 Bg7 23.Rc2 f5 24.exf5 Rxf5 25.Rf1 Rdf8 26.Ne1 h5 27.Bh6 e5 28.Bxg7 
Kxg7 29.Qc3 Ne6 30.Bd3 R5f6 31.h4 Bxf3 32.Rcf2 Bc6 33.Qd2 Rxf2 34.Rxf2 Nd4
35.Bf1 Rxf2 36.Qxf2 Qf6 37.Qe3 Qf5 38.Bg2 Bxg2 39.Kxg2 Qg4 40.Qd2 Qe4+ 41.
Kf2 Qf5+ 42.Kg2 Qg4 43.Kf2 Nf5 44.Qd3 e4 45.Qc3+ Kf7 46.Ng2 e3+ 47.Nxe3 
Qxg3+ 48.Ke2 Qxh4 49.Nxf5 Qg4+ 50.Ke1 Qxf5 51.Kd1 Qb1+ 52.Ke2 Qxa2+ 53.Kf3
Qb1 54.Qe3 Qf5+ 55.Kg2 Qc5 56.Qf3+ Kg7 57.Qb7+ Kh6 58.Qb8 Qd4 59.Qf8+ Kg5 
60.Qe7+ Kf4 61.Qh4+ Ke3 62.Qf2+ Kd3 63.Qg3+ Kd2 64.Qg5+ Kc3 65.Qc1+ Kxb3 
66.Kh1 a4 67.Qb1+ Kxc4 68.Qxg6 Qh4+ 0-1

[Event "12th EUR-ch"]
[Site "Aix-les-Bains FRA"]
[Date "2011.03.22"]
[Round "1.117"]
[White "Stefansson, Hannes"]
[Black "Astengo, Corrado"]
[Result "1-0"]
[WhiteElo "2557"]
[BlackElo "2119"]
[EventDate "2011.03.22"]
[PlyCount "101"]

1.Nf3 d5 2.c4 c6 3.e3 Nf6 4.Nc3 e6 5.d4 Nbd7 6.Qc2 Bd6 7.Bd3 O-O 8.O-O 
dxc4 9.Bxc4 b5 10.Bd3 Bb7 11.Ng5 Bxh2+ 12.Kxh2 Ng4+ 13.Kg1 Qxg5 14.f3 Ngf6
15.e4 Qh4 16.Be3 e5 17.Qf2 Qxf2+ 18.Kxf2 Rfd8 19.Rfd1 a6 20.dxe5 Nxe5 21.
Be2 Rac8 22.Bd4 Ned7 23.b4 h6 24.e5 Nd5 25.Nxd5 cxd5 26.f4 Re8 27.Bd3 Rc6 
28.Rac1 Rec8 29.Rxc6 Rxc6 30.f5 Nf8 31.g4 Nh7 32.Ke3 Ng5 33.Bc5 Rc8 34.Bc2
Re8 35.Bd4 Rc8 36.Bb3 Ne4 37.Bb2 Nc3 38.Rd3 Na4 39.Bd4 Rc1 40.Kf2 Kf8 41.
Rh3 Ke7 42.f6+ gxf6 43.exf6+ Ke6 44.Rxh6 Nc3 45.g5 Ne4+ 46.Ke2 Ng3+ 47.Kd2
Rf1 48.Rh7 Ne4+ 49.Ke2 Nxg5 50.Rh5 Ne4 51.Re5+ 1-0

[Event "12th EUR-ch"]
[Site "Aix-les-Bains FRA"]
[Date "2011.03.22"]
[Round "1.118"]
[White "Steil-Antoni, Fiona"]
[Black "Swiercz, Dariusz"]
[Result "0-1"]
[WhiteElo "2117"]
[BlackElo "2557"]
[EventDate "2011.03.22"]
[PlyCount "144"]

1.e4 c6 2.d4 d5 3.exd5 cxd5 4.Bd3 Nc6 5.c3 Qc7 6.Ne2 Nf6 7.Bf4 Qb6 8.Qb3 
e6 9.Na3 Qxb3 10.axb3 Nh5 11.Be3 Bd7 12.Ng3 Nxg3 13.hxg3 a6 14.Bf4 Rc8 15.
Kd2 h6 16.g4 f6 17.g5 fxg5 18.Bg6+ Kd8 19.Bxg5+ Be7 20.Bxe7+ Kxe7 21.Rae1 
Rhf8 22.f3 Rf6 23.Bd3 Kd6 24.Nc2 Re8 25.Re2 Na5 26.Na1 Bb5 27.Rhe1 Bxd3 
28.Kxd3 Nc6 29.Nc2 Ne7 30.Ne3 h5 31.Kd2 Ref8 32.Rh1 Rh6 33.Ree1 Nf5 34.
Nxf5+ Rxf5 35.Re2 h4 36.Rh3 g5 37.g4 Rf8 38.Re5 Rg6 39.Ke2 a5 40.Ke3 Rg7 
41.Ke2 Rc8 42.f4 gxf4 43.Rxh4 b5 44.Kf3 b4 45.Rh6 Re7 46.cxb4 axb4 47.Kxf4
Rc2 48.g5 Rd2 49.Ke3 Rxb2 50.g6 Rxb3+ 51.Kf2 Ra7 52.Rg5 Rba3 53.Re5 Rg7 
54.Rg5 Rd3 55.Rh7 Rxh7 56.gxh7 Rh3 57.Rg7 Kc6 58.Re7 Kb5 59.Rc7 b3 60.Rc3 
Rh2+ 61.Kg3 Kb4 62.Rc7 b2 63.Rb7+ Kc3 64.Rc7+ Kb3 65.Rb7+ Kc2 66.Rc7+ Kd1 
67.Rb7 Rh3+ 68.Kf4 Kc2 69.Rc7+ Kd3 70.Rb7 Rxh7 71.Rxb2 Rh4+ 72.Kf3 Rxd4 
0-1

[Event "12th EUR-ch"]
[Site "Aix-les-Bains FRA"]
[Date "2011.03.22"]
[Round "1.119"]
[White "Sedlak, Nikola"]
[Black "Caroff, Frederic"]
[Result "1-0"]
[WhiteElo "2556"]
[BlackElo "2117"]
[EventDate "2011.03.22"]
[PlyCount "73"]

1.d4 Nf6 2.Bg5 e6 3.Nd2 c5 4.e3 b6 5.c3 Bb7 6.Ngf3 d6 7.Bb5+ Bc6 8.Bxf6 
gxf6 9.Bxc6+ Nxc6 10.e4 Qc7 11.O-O Bg7 12.d5 Ne7 13.Nc4 Rd8 14.Ne3 Ng6 15.
Qb3 Qe7 16.Rad1 h5 17.Rfe1 Bh6 18.a4 Ne5 19.Qb5+ Kf8 20.Qe2 Bxe3 21.Qxe3 
Ke8 22.Nd2 c4 23.Rc1 Qd7 24.f4 Ng4 25.Qe2 Qxa4 26.h3 Qb5 27.hxg4 hxg4 28.
Qxc4 Qd7 29.Qc6 Qxc6 30.dxc6 Ke7 31.Nc4 b5 32.Ne3 Rh4 33.Kf2 Rg8 34.Rh1 
g3+ 35.Kf3 Rxf4+ 36.Kxf4 e5+ 37.Kf3 1-0

[Event "12th EUR-ch"]
[Site "Aix-les-Bains FRA"]
[Date "2011.03.22"]
[Round "1.120"]
[White "Ralle, Pierre"]
[Black "Rogozenco, Dorian"]
[Result "0-1"]
[WhiteElo "2112"]
[BlackElo "2553"]
[EventDate "2011.03.22"]
[PlyCount "52"]

1.d4 c5 2.d5 e5 3.e4 d6 4.Bb5+ Nd7 5.c4 Be7 6.Nf3 Nf6 7.Nc3 O-O 8.Bxd7 
Nxd7 9.Qd3 Nf6 10.Bd2 Nh5 11.O-O-O a6 12.Rdg1 Nf6 13.Ne1 b5 14.h4 Bd7 15.
h5 Rb8 16.g4 bxc4 17.Qe2 Ne8 18.g5 f5 19.gxf6 Bxf6 20.Rg2 Nc7 21.Rhg1 Kh8 
22.Nc2 Nb5 23.Bg5 Nd4 24.Qe3 Bxg5 25.Rxg5 Rf3 26.Qd2 Rd3 0-1

[Event "12th EUR-ch"]
[Site "Aix-les-Bains FRA"]
[Date "2011.03.22"]
[Round "1.121"]
[White "Shimanov, Aleksandr"]
[Black "Dujardin, Franck"]
[Result "1-0"]
[WhiteElo "2550"]
[BlackElo "2090"]
[EventDate "2011.03.22"]
[PlyCount "82"]

1.d4 d5 2.c4 c6 3.Nf3 Nf6 4.Nc3 e6 5.g3 Nbd7 6.Bg2 Be7 7.O-O O-O 8.Qd3 Re8
9.Bf4 Nh5 10.Bd2 Nhf6 11.e4 Nxe4 12.Nxe4 dxe4 13.Qxe4 Bf6 14.Bf4 Nf8 15.
Ne5 Ng6 16.Be3 Bd7 17.f4 Qc7 18.h4 Nf8 19.h5 Be7 20.g4 f6 21.Nd3 Rad8 22.
Rad1 Bc8 23.g5 f5 24.Qf3 Qa5 25.a3 Qa6 26.Rc1 Nd7 27.Rfe1 Bd6 28.Bf1 Qa5 
29.b4 Qc7 30.Bg2 Bf8 31.a4 Qd6 32.c5 Qe7 33.b5 Qf7 34.bxc6 bxc6 35.Qxc6 
Qxh5 36.Qc7 h6 37.Qxa7 hxg5 38.fxg5 Be7 39.Qa5 Rf8 40.c6 Nb8 41.Bf4 Qg4 
1-0

[Event "12th EUR-ch"]
[Site "Aix-les-Bains FRA"]
[Date "2011.03.22"]
[Round "1.122"]
[White "Neagos, Raul-Alexandru"]
[Black "Cornette, Matthieu"]
[Result "0-1"]
[WhiteElo "2074"]
[BlackElo "2548"]
[EventDate "2011.03.22"]
[PlyCount "39"]

1.Nf3 Nf6 2.g3 g6 3.Bg2 Bg7 4.O-O O-O 5.d4 d6 6.c3 Nbd7 7.a4 e5 8.dxe5 
dxe5 9.a5 e4 10.Nd4 Ne5 11.a6 b6 12.Bg5 Qd5 13.Nd2 Ned7 14.Bf4 Nc5 15.f3 
Re8 16.b4 exf3 17.N2xf3 Nce4 18.Qc2 Bf5 19.Nxf5 Qxf5 20.Qb3 0-1

[Event "12th EUR-ch"]
[Site "Aix-les-Bains FRA"]
[Date "2011.03.22"]
[Round "1.123"]
[White "Grandelius, Nils"]
[Black "Freuler, Roman"]
[Result "1-0"]
[WhiteElo "2547"]
[BlackElo "2071"]
[EventDate "2011.03.22"]
[PlyCount "79"]

1.Nf3 Nf6 2.c4 g6 3.g3 Bg7 4.Bg2 O-O 5.Nc3 d6 6.O-O e5 7.d3 Nc6 8.Rb1 h6 
9.b4 Be6 10.b5 Ne7 11.Nd2 Qc8 12.Re1 c6 13.bxc6 bxc6 14.Ba3 Qc7 15.Qa4 
Rfb8 16.Nb3 Bd7 17.Qa5 Qxa5 18.Nxa5 Ne8 19.Rb7 Rxb7 20.Nxb7 Nc8 21.Na5 Rb8
22.Bxc6 Bxc6 23.Nxc6 Rb6 24.Nb4 Nc7 25.Ncd5 Nxd5 26.cxd5 a5 27.Nc6 Bf8 28.
e4 Rb7 29.Nxa5 Ra7 30.Nc4 Nb6 31.Nxb6 Rxa3 32.Ra1 Be7 33.Nc4 Rxd3 34.a4 
Rc3 35.Na5 Rc8 36.Nc6 Bd8 37.a5 Ra8 38.Kg2 Kf8 39.a6 Bb6 40.Rb1 1-0

[Event "12th EUR-ch"]
[Site "Aix-les-Bains FRA"]
[Date "2011.03.22"]
[Round "1.124"]
[White "Hoyer, Hans-Gerd"]
[Black "Mastrovasilis, Athanasios"]
[Result "0-1"]
[WhiteElo "2070"]
[BlackElo "2547"]
[EventDate "2011.03.22"]
[PlyCount "66"]

1.e4 c5 2.Nf3 Nc6 3.d3 g6 4.g3 Bg7 5.Bg2 e5 6.Nbd2 Nge7 7.a4 d6 8.O-O O-O 
9.c3 h6 10.Nc4 Be6 11.Bd2 f5 12.exf5 gxf5 13.Qe2 Qd7 14.Rfe1 Rae8 15.Rab1 
Ng6 16.h4 d5 17.Na3 e4 18.Nh2 Nge5 19.dxe4 fxe4 20.Be3 Nf3+ 21.Bxf3 exf3 
22.Qd2 Bf5 23.Rbd1 Be4 24.g4 Qe7 25.Bf4 Qxh4 26.Rxe4 dxe4 27.Kf1 Rd8 28.
Bd6 Nd4 29.Bg3 Qh3+ 30.Ke1 e3 31.Qd3 exf2+ 32.Bxf2 Rfe8+ 33.Be3 Qg3+ 0-1

[Event "12th EUR-ch"]
[Site "Aix-les-Bains FRA"]
[Date "2011.03.22"]
[Round "1.125"]
[White "Manolache, Marius"]
[Black "Levine, Yonatan"]
[Result "1-0"]
[WhiteElo "2546"]
[BlackElo "2068"]
[EventDate "2011.03.22"]
[PlyCount "61"]

1.d4 e6 2.c4 Nf6 3.Nc3 Bb4 4.e3 O-O 5.Ne2 d5 6.a3 Be7 7.cxd5 exd5 8.g3 c6 
9.Bg2 Na6 10.Qc2 Nc7 11.O-O a5 12.Bd2 Ne6 13.Rad1 b5 14.Bc1 b4 15.Na4 Ba6 
16.Rfe1 Qb8 17.axb4 axb4 18.b3 Rc8 19.Nf4 Bb5 20.Nxe6 Bxa4 21.Nxg7 Kxg7 
22.bxa4 b3 23.Qb1 Qb4 24.e4 dxe4 25.Bxe4 Rxa4 26.Bd2 Qa3 27.Bc3 Bb4 28.Bb2
Qa2 29.Qc1 Ra5 30.Bb1 Qa4 31.d5 1-0

[Event "12th EUR-ch"]
[Site "Aix-les-Bains FRA"]
[Date "2011.03.22"]
[Round "1.126"]
[White "Vrhovnik, Damir"]
[Black "Markos, Jan"]
[Result "0-1"]
[WhiteElo "2063"]
[BlackElo "2546"]
[EventDate "2011.03.22"]
[PlyCount "36"]

1.Nf3 Nf6 2.c4 g6 3.b4 Bg7 4.Bb2 O-O 5.e3 d6 6.d4 c5 7.bxc5 dxc5 8.Be2 
cxd4 9.exd4 b6 10.O-O Bb7 11.Nbd2 Nbd7 12.Re1 e6 13.Qb3 Qc7 14.Qe3 Ng4 15.
Qb3 Rfd8 16.h3 Nh6 17.Nf1 Nf5 18.Red1 Rac8 0-1

[Event "12th EUR-ch"]
[Site "Aix-les-Bains FRA"]
[Date "2011.03.22"]
[Round "1.127"]
[White "Yakovich, Yuri"]
[Black "Webb, Matthew"]
[Result "1/2-1/2"]
[WhiteElo "2546"]
[BlackElo "2062"]
[EventDate "2011.03.22"]
[PlyCount "68"]

1.e4 g6 2.d4 Bg7 3.Nc3 d6 4.Be3 a6 5.h4 h5 6.Nf3 Nd7 7.Ng5 e6 8.f3 Ne7 9.
Qd2 b5 10.a4 b4 11.Ne2 a5 12.Nf4 Nb6 13.Be2 d5 14.O-O O-O 15.e5 c5 16.c3 
bxc3 17.bxc3 cxd4 18.cxd4 Ba6 19.Nfxe6 fxe6 20.Nxe6 Qc8 21.Nxf8 Qxf8 22.
Bxa6 Rxa6 23.Bg5 Nc4 24.Qd3 Qf5 25.Rfd1 Qxd3 26.Rxd3 Nc6 27.Rb1 Nb4 28.Rc3
Kf7 29.g4 Bf8 30.Kf2 Ke6 31.Ke2 Nc6 32.Kd3 Nb4+ 33.Ke2 Nc6 34.Kd3 Nb4+ 
1/2-1/2

[Event "12th EUR-ch"]
[Site "Aix-les-Bains FRA"]
[Date "2011.03.22"]
[Round "1.128"]
[White "Kondopoulos, Dimitrios"]
[Black "Antal, Gergely"]
[Result "0-1"]
[WhiteElo "2060"]
[BlackElo "2545"]
[EventDate "2011.03.22"]
[PlyCount "25"]

1.e4 c5 2.Nf3 e6 3.d4 cxd4 4.Nxd4 Nf6 5.Bd3 Nc6 6.c3 Bc5 7.Nxc6 dxc6 8.e5 
Nd7 9.Qe2 Qc7 10.Bf4 f5 11.g4 g5 12.Bxg5 Nxe5 13.Bc2 0-1

[Event "12th EUR-ch"]
[Site "Aix-les-Bains FRA"]
[Date "2011.03.22"]
[Round "1.129"]
[White "Gozzoli, Yannick"]
[Black "Osmanodja, Filiz"]
[Result "1-0"]
[WhiteElo "2543"]
[BlackElo "2055"]
[EventDate "2011.03.22"]
[PlyCount "57"]

1.d4 Nf6 2.c4 e6 3.Nf3 Bb4+ 4.Bd2 Qe7 5.g3 Nc6 6.Nc3 Bxc3 7.Bxc3 Ne4 8.Rc1
d6 9.Bg2 Nxc3 10.Rxc3 O-O 11.d5 Nb8 12.dxe6 fxe6 13.O-O a5 14.Nd4 c6 15.
Qd2 Na6 16.Re3 Nc5 17.Nb3 Nxb3 18.axb3 c5 19.f4 Ra7 20.Rd3 Ra6 21.Rd1 Rd8 
22.e4 e5 23.fxe5 Qxe5 24.Rd5 Qe8 25.e5 Bg4 26.Re1 Qf7 27.e6 Qe7 28.Qg5 
Qxg5 29.Rxg5 1-0

[Event "12th EUR-ch"]
[Site "Aix-les-Bains FRA"]
[Date "2011.03.22"]
[Round "1.131"]
[White "Sanikidze, Tornike"]
[Black "Charvin, Olivier"]
[Result "1-0"]
[WhiteElo "2542"]
[BlackElo "2054"]
[EventDate "2011.03.22"]
[PlyCount "51"]

1.d4 d5 2.Nf3 c6 3.c4 Nf6 4.Nc3 dxc4 5.e3 b5 6.a4 Nd5 7.Ne5 e6 8.axb5 Bb4 
9.Bd2 Bxc3 10.Bxc3 cxb5 11.Ba5 Qd6 12.b3 Nc6 13.bxc4 Nxa5 14.cxd5 Qb4+ 15.
Qd2 Qxd2+ 16.Kxd2 Nb3+ 17.Kc3 Nxa1 18.Bxb5+ Kf8 19.Bc6 Rb8 20.Rxa1 exd5 
21.Bxd5 a6 22.Nxf7 Rg8 23.Ne5 Rh8 24.Ra5 Rb5 25.Rxb5 axb5 26.Nf7 1-0

[Event "12th EUR-ch"]
[Site "Aix-les-Bains FRA"]
[Date "2011.03.22"]
[Round "1.132"]
[White "Gorse, Gerard"]
[Black "Rapport, Richard"]
[Result "0-1"]
[WhiteElo "2050"]
[BlackElo "2540"]
[EventDate "2011.03.22"]
[PlyCount "66"]

1.c4 b6 2.Nc3 Bb7 3.e4 e6 4.g3 f5 5.Bg2 Nf6 6.d3 fxe4 7.dxe4 Bc5 8.Nh3 O-O
9.O-O e5 10.Be3 Bxe3 11.fxe3 d6 12.Qe2 Nbd7 13.b4 h6 14.Nf2 Nh7 15.Nd3 
Ndf6 16.Nd5 a5 17.c5 axb4 18.cxb6 c5 19.Nc7 Ra3 20.Ne6 Qxb6 21.Nxf8 Kxf8 
22.Nb2 Ba6 23.Nc4 Qb5 24.Qd2 Qxc4 25.Qxd6+ Kg8 26.Bh3 Nf8 27.Rxf6 gxf6 28.
Rf1 Rxa2 29.Qxf6 Qxf1+ 30.Bxf1 Ra1 31.Qxe5 Rxf1+ 32.Kg2 Rf7 33.g4 b3 0-1

[Event "12th EUR-ch"]
[Site "Aix-les-Bains FRA"]
[Date "2011.03.22"]
[Round "1.133"]
[White "Gritsak, Orest"]
[Black "Gelas, Christophe"]
[Result "1-0"]
[WhiteElo "2539"]
[BlackElo "2047"]
[EventDate "2011.03.22"]
[PlyCount "77"]

1.Nf3 d5 2.d4 Nf6 3.c4 c6 4.Qb3 dxc4 5.Qxc4 Bf5 6.g3 e6 7.Bg2 Nbd7 8.O-O 
Be7 9.e3 O-O 10.Rd1 Ne4 11.Ne1 Rc8 12.Nc3 Nxc3 13.bxc3 Nc5 14.a4 Be4 15.
Bb2 Bd5 16.Qe2 Nb3 17.e4 Nxa1 18.exd5 Nb3 19.dxe6 f6 20.Be4 f5 21.Bd3 g6 
22.Nf3 Na5 23.Ne5 c5 24.Nd7 c4 25.Bc2 Re8 26.d5 Bd6 27.h4 Rc7 28.Ne5 Bxe5 
29.Qxe5 Rc5 30.Qd4 Rc8 31.Ba3 b6 32.Re1 Nb7 33.e7 Qd7 34.d6 Rc6 35.Qd5+ 
Kg7 36.Rd1 a6 37.h5 Nc5 38.a5 Nb7 39.axb6 1-0

[Event "12th EUR-ch"]
[Site "Aix-les-Bains FRA"]
[Date "2011.03.22"]
[Round "1.134"]
[White "Maubert, Nicolas"]
[Black "Alsina Leal, Daniel"]
[Result "0-1"]
[WhiteElo "2034"]
[BlackElo "2538"]
[EventDate "2011.03.22"]
[PlyCount "96"]

1.e4 c5 2.Nf3 d6 3.d4 cxd4 4.Qxd4 a6 5.c4 Nc6 6.Qd2 Nf6 7.Nc3 g6 8.b3 Bg7 
9.Bb2 O-O 10.Be2 Bg4 11.O-O Qb6 12.Rad1 Qa7 13.h3 Bxf3 14.Bxf3 Rfc8 15.Nd5
Nxd5 16.cxd5 Bxb2 17.dxc6 Be5 18.cxb7 Qxb7 19.Rc1 Kg7 20.Rxc8 Rxc8 21.Rc1 
Qb4 22.Qd1 Bc3 23.Qd3 a5 24.Be2 Rc5 25.Qf3 e6 26.Bc4 Be5 27.Rd1 a4 28.g3 
axb3 29.axb3 Ra5 30.Qe2 Qb6 31.Kg2 Bd4 32.Qd2 Bc5 33.Qe2 Kg8 34.Rd2 Qb7 
35.Kh2 Bb4 36.Rd1 Qa7 37.Rc1 Ra2 38.Rc2 Ra1 39.h4 h5 40.Qf3 Kg7 41.Re2 Qd4
42.Qd3 Qf6 43.Qe3 Bc5 44.Qd3 Bxf2 45.Rc2 Re1 46.Re2 Rg1 47.b4 Rxg3 48.Qd2 
Qxh4# 0-1

[Event "12th EUR-ch"]
[Site "Aix-les-Bains FRA"]
[Date "2011.03.22"]
[Round "1.135"]
[White "Le Roux, Jean-Pierre"]
[Black "Yelken, Mustafa"]
[Result "1-0"]
[WhiteElo "2538"]
[BlackElo "2032"]
[EventDate "2011.03.22"]
[PlyCount "63"]

1.d4 Nf6 2.Nf3 e6 3.Bg5 d5 4.e3 Nbd7 5.c4 c6 6.Nbd2 Be7 7.Rc1 O-O 8.Bd3 
Re8 9.O-O Nf8 10.Ne5 N6d7 11.Bxe7 Qxe7 12.f4 f6 13.Nxd7 Bxd7 14.e4 Rad8 
15.e5 Bc8 16.c5 f5 17.Rc3 Bd7 18.b4 h6 19.Bc2 Nh7 20.Rh3 Rf8 21.Kh1 Be8 
22.g4 Bg6 23.Rg3 Qf7 24.Rfg1 fxg4 25.Bxg6 Qxg6 26.Rxg4 Qf7 27.Rxg7+ Qxg7 
28.Rxg7+ Kxg7 29.Qg4+ Kh8 30.Nf3 Rde8 31.Nh4 Rf7 32.Qh5 1-0

[Event "12th EUR-ch"]
[Site "Aix-les-Bains FRA"]
[Date "2011.03.22"]
[Round "1.136"]
[White "Saiah, Karim"]
[Black "Petrik, Tomas"]
[Result "0-1"]
[WhiteElo "2031"]
[BlackElo "2536"]
[EventDate "2011.03.22"]
[PlyCount "78"]

1.d4 e6 2.c4 Nf6 3.Nc3 Bb4 4.e3 O-O 5.Nf3 c5 6.a3 Bxc3+ 7.bxc3 Nc6 8.Bd3 
d6 9.O-O e5 10.d5 Ne7 11.Nd2 Ne8 12.f4 f5 13.e4 exf4 14.Rxf4 Ng6 15.Rf1 
Ne5 16.Nf3 f4 17.Nxe5 dxe5 18.Ra2 Nf6 19.Qe1 Qe7 20.a4 Bd7 21.a5 Rae8 22.
Rb2 Bc8 23.Ra2 g5 24.Kh1 Kh8 25.Bd2 Rg8 26.Qf2 Ref8 27.Bc1 g4 28.Qe1 g3 
29.h3 Ng4 30.Be2 Qh4 31.Bf3 Nh2 32.Qd1 Bg4 33.Bxg4 Nxg4 34.Kg1 Nh2 35.Rf3 
Qh5 36.Rd3 f3 37.gxf3 Nxf3+ 38.Kg2 Nh4+ 39.Kg1 g2 0-1

[Event "12th EUR-ch"]
[Site "Aix-les-Bains FRA"]
[Date "2011.03.22"]
[Round "1.137"]
[White "Nevednichy, Vladislav"]
[Black "Lalande, Jean-Louis"]
[Result "1-0"]
[WhiteElo "2534"]
[BlackElo "2030"]
[EventDate "2011.03.22"]
[PlyCount "64"]

1.e4 d5 2.exd5 Qxd5 3.d4 e5 4.dxe5 Qxd1+ 5.Kxd1 Bc5 6.Bb5+ c6 7.Bc4 Bxf2 
8.Nf3 Bg4 9.Rf1 Bxf3+ 10.gxf3 Bd4 11.f4 Nh6 12.Nd2 Nf5 13.Ne4 Bxb2 14.Rb1 
Bxc1 15.Kxc1 b6 16.Rg1 Nd7 17.Kb2 Ke7 18.Rbe1 h6 19.Nd6 Nxd6 20.exd6+ Kxd6
21.Bxf7 g5 22.Re6+ Kc7 23.Rd1 Rh7 24.Re7 Rd8 25.f5 Kc8 26.f6 Nc5 27.Rxd8+ 
Kxd8 28.Rxa7 g4 29.Ra8+ Kc7 30.Bh5 Nd7 31.f7 Rg7 32.Ra7+ Kd8 1-0

[Event "12th EUR-ch"]
[Site "Aix-les-Bains FRA"]
[Date "2011.03.22"]
[Round "1.138"]
[White "Canonne, Antoine"]
[Black "Gabrielian, Artur"]
[Result "0-1"]
[WhiteElo "2020"]
[BlackElo "2532"]
[EventDate "2011.03.22"]
[PlyCount "106"]

1.e4 e6 2.d4 d5 3.Nd2 c5 4.Ngf3 Nc6 5.exd5 Qxd5 6.Bc4 Qh5 7.dxc5 Bxc5 8.
Ne4 Nf6 9.Nxc5 Qxc5 10.Qe2 O-O 11.O-O Bd7 12.Rd1 Rfd8 13.Bg5 Be8 14.Bxf6 
gxf6 15.Qe4 Qh5 16.Qf4 Qg6 17.Bd3 f5 18.Rd2 Qf6 19.c3 Ne7 20.Rad1 Ng6 21.
Qh6 Ba4 22.b3 Bc6 23.Ng5 Qg7 24.Qxg7+ Kxg7 25.Bf1 Rxd2 26.Rxd2 h6 27.Nh3 
e5 28.b4 a6 29.g3 Rc8 30.c4 Bf3 31.c5 a5 32.Bg2 Bxg2 33.Kxg2 axb4 34.Rb2 
Rxc5 35.Rxb4 Rc2 36.Rxb7 Rxa2 37.Rb5 Ra3 38.Ng1 f4 39.Nf3 e4 40.Nd4 f3+ 
41.Kh3 Ra2 42.Nf5+ Kf6 43.Nxh6 Ne5 44.Rb4 Nd3 45.Ng4+ Kg5 46.Rb8 Nxf2+ 47.
Nxf2 Rxf2 48.Rg8+ Kf6 49.Re8 Re2 50.Ra8 f2 51.Kg2 e3 52.Ra4 Re1 53.Rf4+ 
Kg7 0-1

[Event "12th EUR-ch"]
[Site "Aix-les-Bains FRA"]
[Date "2011.03.22"]
[Round "1.139"]
[White "Anisimov, Pavel"]
[Black "L'Hermitte, Emmanuel"]
[Result "1-0"]
[WhiteElo "2532"]
[BlackElo "2012"]
[EventDate "2011.03.22"]
[PlyCount "27"]

1.e4 c5 2.Ne2 d6 3.g3 Nf6 4.Bg2 Nc6 5.c3 d5 6.exd5 Nxd5 7.d4 cxd4 8.Nxd4 
e6 9.O-O Be7 10.Nxc6 bxc6 11.c4 Nb4 12.a3 Qa5 13.axb4 Qxa1 14.Bxc6+ 1-0

[Event "12th EUR-ch"]
[Site "Aix-les-Bains FRA"]
[Date "2011.03.22"]
[Round "1.140"]
[White "Maruejols, Claude"]
[Black "Apicella, Manuel"]
[Result "0-1"]
[WhiteElo "2001"]
[BlackElo "2531"]
[EventDate "2011.03.22"]
[PlyCount "86"]

1.d4 Nf6 2.c4 g6 3.Nc3 Bg7 4.e4 d6 5.Be2 O-O 6.Nf3 e5 7.O-O Na6 8.Be3 Ng4 
9.Bg5 Qe8 10.c5 h6 11.Bh4 dxc5 12.Bxa6 bxa6 13.dxc5 Nf6 14.Qc2 c6 15.Rfd1 
Bg4 16.Rd6 g5 17.Bg3 Bxf3 18.gxf3 Nd7 19.Nd1 f6 20.Rc1 Rf7 21.Rxc6 Nb8 22.
Rd6 Bf8 23.Rd3 Nc6 24.Qc4 Rb8 25.Rb3 Rxb3 26.Qxb3 Nd4 27.Qd3 Qb5 28.Qxb5 
axb5 29.Kg2 Rc7 30.b4 Kf7 31.Ne3 Ke6 32.h4 Nc6 33.Nd5 Rd7 34.a3 f5 35.Nc3 
f4 36.Nxb5 fxg3 37.fxg3 a6 38.Nc3 Rd2+ 39.Kh3 gxh4 40.Kxh4 Rh2+ 41.Kg4 Be7
42.f4 Nd4 43.f5+ Kf7 0-1

[Event "12th EUR-ch"]
[Site "Aix-les-Bains FRA"]
[Date "2011.03.22"]
[Round "1.141"]
[White "Romanishin, Oleg"]
[Black "Boyard, Marie"]
[Result "1-0"]
[WhiteElo "2530"]
[BlackElo "1976"]
[EventDate "2011.03.22"]
[PlyCount "73"]

1.d4 Nf6 2.Nf3 e6 3.g3 d5 4.Bg2 Be7 5.c4 O-O 6.O-O dxc4 7.Qc2 Bd7 8.Qxc4 
Bc6 9.Nc3 Bd5 10.Qd3 c5 11.Nxd5 Nxd5 12.dxc5 Na6 13.Bd2 Nxc5 14.Qc2 Rc8 
15.Rac1 Qb6 16.Bg5 h6 17.Bxe7 Nxe7 18.Ne5 Rfd8 19.Nc4 Qa6 20.Rfd1 Rxd1+ 
21.Qxd1 b6 22.Nd6 Rd8 23.b4 Nf5 24.bxc5 bxc5 25.Rxc5 Rxd6 26.Qc2 Qb6 27.e3
Rd8 28.Be4 Nd6 29.Bf3 Ne8 30.h4 g6 31.a4 Kg7 32.Qc3+ Nf6 33.Rb5 Qd6 34.g4 
Qd2 35.Qxd2 Rxd2 36.Rb7 Rd7 37.g5 1-0

[Event "12th EUR-ch"]
[Site "Aix-les-Bains FRA"]
[Date "2011.03.22"]
[Round "1.142"]
[White "Koch, Alain"]
[Black "Conquest, Stuart"]
[Result "0-1"]
[WhiteElo "1975"]
[BlackElo "2529"]
[EventDate "2011.03.22"]
[PlyCount "130"]

1.d4 Nf6 2.Nc3 d5 3.Bf4 Bf5 4.e3 e6 5.Bd3 c6 6.Bxf5 exf5 7.Qd3 g6 8.Be5 
Nbd7 9.Bxf6 Nxf6 10.Nge2 Bd6 11.h3 Qe7 12.O-O-O h5 13.Rdg1 h4 14.Kb1 O-O-O
15.Rc1 Kb8 16.Nd1 Rhe8 17.Rf1 Bc7 18.b3 Qd6 19.Rh1 Qa3 20.Rf1 Re6 21.c3 
Qe7 22.Rc2 Nh5 23.f4 Re8 24.Ng1 Ng3 25.Rf3 f6 26.Ne2 Ne4 27.Kb2 Qd7 28.b4 
Nd6 29.Nc1 Qe7 30.Re2 Re4 31.Ka1 g5 32.fxg5 fxg5 33.Nb3 f4 34.Nc5 Bb6 35.
Rf1 Bxc5 36.bxc5 Nc4 37.Rfe1 fxe3 38.Nb2 Nd2 39.Nd1 Nc4 40.Nb2 Qf7 41.Nxc4
dxc4 42.Qb1 R8e7 43.Qc1 R4e6 44.Kb2 Qf4 45.Rf1 Qe4 46.Qc2 Qd3 47.Rf3 b6 
48.cxb6 axb6 49.Rf1 Kc7 50.Rf5 b5 51.Rf1 Kd6 52.Rf5 Ra7 53.Rf1 Qxc2+ 54.
Rxc2 e2 55.Re1 Rae7 56.Kc1 Kd5 57.Kb2 Re3 58.Rd2 b4 59.Rc2 bxc3+ 60.Rxc3 
Kxd4 61.Rc2 c3+ 62.Kc1 Kd3 63.a4 Rf7 64.Kb1 Rf1 65.Rcc1 Rxe1 0-1

[Event "12th EUR-ch"]
[Site "Aix-les-Bains FRA"]
[Date "2011.03.22"]
[Round "1.143"]
[White "Esen, Baris"]
[Black "Ruffenach, Alain"]
[Result "1-0"]
[WhiteElo "2528"]
[BlackElo "1973"]
[EventDate "2011.03.22"]
[PlyCount "77"]

1.d4 Nf6 2.c4 c5 3.d5 e5 4.Nc3 d6 5.e4 g6 6.Nf3 Bg7 7.h3 O-O 8.g4 a6 9.a4 
b6 10.Bd3 Ra7 11.Bg5 h6 12.Be3 Ne8 13.Rg1 Kh7 14.Qd2 Bd7 15.Ke2 Rb7 16.h4 
Nc7 17.Rg3 b5 18.b3 bxc4 19.bxc4 Ne8 20.Rh1 Rb3 21.Rb1 Rxb1 22.Bxb1 Qb6 
23.Rg1 a5 24.Ne1 Bxa4 25.h5 Bd7 26.g5 gxh5 27.Nd3 Kh8 28.f3 h4 29.Qe1 h3 
30.Qh4 Qb3 31.Bd2 Qxc4 32.gxh6 Bf6 33.Qg3 Qa6 34.h7 Kxh7 35.Bg5 Bg7 36.
Qh4+ Kg8 37.Bf6 c4 38.Rxg7+ Nxg7 39.Qg5 1-0